| 000 | 00642nam a2200265 a 4500 | ||
|---|---|---|---|
| 001 | nice12345678 | ||
| 003 | IN_TiNIC | ||
| 005 | 20260116011502.0 | ||
| 008 | 050524s1956 dela grp 000 0 urd | ||
| 020 |
_a _c4 |
||
| 082 | 0 | 0 |
_a297.8 _bPAR |
| 100 | _aPaewez, Ghulam Ahmed | ||
| 245 | _aMizaj Shinas-E-Rasool | ||
| 260 |
_aDelhi _bAastana Book Depot _c1956 |
||
| 300 | _a448p | ||
| 500 | _aincludes index and biblioraphy | ||
| 505 | 2 | _aTurkish | |
| 650 | _aJamaat-E-Islami-Criticism | ||
| 650 | _aIslam-Sects | ||
| 650 | _aAhl-E-Quran | ||
| 700 | 1 | _aPaewez, Ghulam Ahmed | |
| 902 | _bSRS | ||
| 942 | _cBK | ||
| 999 |
_c1957 _d1957 |
||